[Event "CRO-chT U20"]
[Site "Sv Filip i Jakov"]
[Date "2017.04.23"]
[Round "7.4"]
[White "Starcevic, Ante Leon"]
[Black "Pahljina, Marko"]
[Result "1-0"]
[WhiteElo "2120"]
[BlackElo "1922"]
[PlyCount "81"]
[EventDate "2017.04.18"]
[EventType "team-tourn"]
[EventRounds "7"]
[EventCountry "CRO"]
[SourceTitle "EXT 2019"]
[Source "ChessBase"]
[SourceDate "2018.10.10"]
[SourceVersion "1"]
[SourceVersionDate "2018.10.10"]
[SourceQuality "1"]

1. c4 d6 2. Nc3 Nf6 3. g3 e5 4. Bg2 Be7 5. Nf3 0-0 6. 0-0 c6 7. d3 Nbd7 8. b4 a5 9. b5 Qc7 10. Ba3 Re8 11. Nh4 Nc5 12. Qd2 Bd7 13. Rab1 Bf8 14. f4 Rad8 15. Bxc5 dxc5 16. f5 cxb5 17. Nxb5 Bxb5 18. Rxb5 b6 19. Rfb1 Rd6 20. Qb2 Nd7 21. Bd5 Be7 22. Nf3 Bd8 23. Qd2 Nf6 24. e4 h6 25. Qg2 Nd7 26. h4 Nb8 27. g4 Nc6 28. Rxb6 Qxb6 29. Rxb6 Bxb6 30. g5 Nb4 31. f6 Nxd5 32. exd5 e4 33. dxe4 Rxe4 34. gxh6 g6 35. Ng5 Rxh4 36. Qg3 Rxc4 37. h7+ Kh8 38. Nxf7+ Kxh7 39. Qh3+ Kg8 40. Qh8+ Kxf7 41. Qg7+ 1-0

[Event "CRO-chT3 West"]
[Site "Croatia"]
[Date "2017.03.25"]
[Round "1.4"]
[White "Pahljina, Marko"]
[Black "Kacunko, Jozo"]
[Result "1-0"]
[WhiteElo "1863"]
[BlackElo "1903"]
[PlyCount "107"]
[EventDate "2017.03.25"]
[EventType "team-tourn"]
[EventRounds "9"]
[EventCountry "CRO"]
[SourceTitle "EXT 2019"]
[Source "ChessBase"]
[SourceDate "2018.10.10"]
[SourceVersion "1"]
[SourceVersionDate "2018.10.10"]
[SourceQuality "1"]

1. d4 e6 2. Nf3 d5 3. c4 Nf6 4. Nc3 Bb4 5. e3 0-0 6. Bd3 dxc4 7. Bxc4 b6 8. 0-0 Bxc3 9. bxc3 Bb7 10. Ba3 Re8 11. Re1 Nbd7 12. Qc2 Ne4 13. Bd3 f5 14. c4 c5 15. Rab1 Qc7 16. Nd2 Ndf6 17. Nxe4 fxe4 18. Be2 cxd4 19. exd4 Rad8 20. Red1 Qf4 21. Qb3 Ng4 22. Qg3 Qxg3 23. hxg3 Nf6 24. c5 Nd5 25. Bb5 Nc3 26. Bxe8 Nxd1 27. Rxd1 Rxe8 28. Rb1 Bd5 29. Rb2 Rb8 30. Rc2 Rb7 31. Bc1 Rc7 32. Bf4 Rc6 33. Bb8 a6 34. Bd6 Kf7 35. f3 exf3 36. gxf3 g6 37. Kf2 h5 38. Ke3 Kf6 39. Rh2 Kf5 40. a3 b5 41. Rh4 Kf6 42. Rf4+ Kg7 43. Be5+ Kh6 44. Rf7 g5 45. f4 Rc8 46. Rf6+ Kh7 47. fxg5 Ra8 48. Rh6+ Kg8 49. Rxh5 Kf7 50. Kf4 a5 51. Rh7+ Kg8 52. g6 Rf8+ 53. Kg4 Bf3+ 54. Kh4 1-0

[Event "CRO-chT3W"]
[Site "Croatia"]
[Date "2016.04.10"]
[Round "6.4"]
[White "Pahljina, Marko"]
[Black "Petric, Ivica"]
[Result "0-1"]
[WhiteElo "1777"]
[BlackElo "1908"]
[PlyCount "86"]
[EventDate "2016.03.05"]
[EventType "team-tourn"]
[EventRounds "9"]
[EventCountry "CRO"]
[SourceTitle "CBM 171 Extra"]
[Source "ChessBase"]
[SourceDate "2016.04.26"]
[SourceVersion "1"]
[SourceVersionDate "2016.04.26"]
[SourceQuality "1"]
[WhiteTeam "Pula II"]
[BlackTeam "Drazice Rjecina"]
[WhiteTeamCountry "CRO"]
[BlackTeamCountry "CRO"]

1. d4 d5 2. Nf3 Nf6 3. c4 c6 4. e3 Bg4 5. Nc3 e6 6. Bd3 Nbd7 7. 0-0 Bd6 8. c5 Bc7 9. b4 0-0 10. b5 e5 11. Be2 Re8 12. Re1 Qe7 13. Bb2 e4 14. Nd2 h5 15. a4 Bxe2 16. Qxe2 Ng4 17. Nf1 Qh4 18. h3 Re6 19. a5 Rf6 20. Nd1 g5 21. a6 b6 22. bxc6 Nb8 23. cxb6 axb6 24. a7 Nxc6 25. Qc2 Nh6 26. Nc3 Nb4 27. Qd2 Nd3 28. Re2 Rd6 29. Qc2 Bd8 30. Qb3 Rd7 31. Qa4 Raxa7 32. Qc6 Kg7 33. Nxd5 g4 34. Nxb6 Bxb6 35. Rxa7 Rxa7 36. Qxb6 Re7 37. Bc3 gxh3 38. g3 Qg4 39. d5+ Ne5 40. Bxe5+ Rxe5 41. Qd4 f6 42. f4 Qxe2 43. Qa7+ Nf7 0-1

[Event "CRO-ch U15"]
[Site "Kastel Stafilic"]
[Date "2014.06.22"]
[Round "2"]
[White "Muha, Miljenko"]
[Black "Pahljina, Marko"]
[Result "1-0"]
[WhiteElo "1945"]
[BlackElo "1583"]
[PlyCount "43"]
[EventDate "2014.06.22"]
[EventType "swiss"]
[EventRounds "9"]
[EventCountry "CRO"]
[SourceTitle "CBM 161 Extra"]
[Source "ChessBase"]
[SourceDate "2014.08.29"]
[SourceVersion "1"]
[SourceVersionDate "2014.08.29"]
[SourceQuality "1"]

1. d4 d6 2. e4 Nf6 3. f3 Nbd7 4. c4 e5 5. Ne2 Be7 6. Nbc3 c6 7. d5 0-0 8. Be3 Qc7 9. Qd2 a5 10. g4 Nc5 11. Ng3 Ne8 12. 0-0-0 a4 13. Bd3 Qb6 14. Bc2 Qb4 15. Bd3 Ra6 16. Qc2 Bd8 17. Nf5 a3 18. b3 Bxf5 19. exf5 Nxd3+ 20. Rxd3 Bb6 21. Bd2 Bd4 22. Na4 1-0

[Event "Pula CC-ch"]
[Site "Pula"]
[Date "2014.02.04"]
[Round "6"]
[White "Pahljina, Marko"]
[Black "Milanovic, Miroslav"]
[Result "1-0"]
[WhiteElo "1574"]
[BlackElo "1502"]
[PlyCount "47"]
[EventDate "2014.01.17"]
[EventType "swiss"]
[EventRounds "9"]
[EventCountry "CRO"]
[SourceTitle "EXT 2016"]
[Source "ChessBase"]
[SourceDate "2015.10.08"]
[SourceVersion "1"]
[SourceVersionDate "2015.10.08"]
[SourceQuality "1"]

1. d4 Nf6 2. Nf3 e6 3. c4 c5 4. e3 Be7 5. Nc3 0-0 6. Bd3 d5 7. 0-0 Bd7 8. cxd5 exd5 9. dxc5 Na6 10. Bxa6 bxa6 11. Nxd5 Bc6 12. Nxe7+ Qxe7 13. b4 Bb5 14. Re1 Ne4 15. Bb2 a5 16. Qd4 f6 17. bxa5 Rfd8 18. Qb4 Qxc5 19. Qxe4 Bd3 20. Qg4 Bf5 21. Qg3 Kf7 22. Rac1 Qxa5 23. Qc7+ Qxc7 24. Rxc7+ 1-0

[Event "Porec op"]
[Site "Porec"]
[Date "2013.12.05"]
[Round "2"]
[White "Pahljina, Marko"]
[Black "Orak, Tugomir"]
[Result "1/2-1/2"]
[WhiteElo "1544"]
[BlackElo "1997"]
[PlyCount "42"]
[EventDate "2013.12.05"]
[EventType "swiss"]
[EventRounds "7"]
[EventCountry "CRO"]
[SourceTitle "CBM 157 Extra"]
[Source "ChessBase"]
[SourceDate "2013.12.19"]
[SourceVersion "1"]
[SourceVersionDate "2013.12.19"]
[SourceQuality "1"]

1. d4 g6 2. Nf3 Nf6 3. c4 Bg7 4. e3 d6 5. Nc3 c6 6. Be2 Qc7 7. 0-0 0-0 8. b4 e5 9. Bb2 e4 10. Nd2 d5 11. Rc1 Qe7 12. Qb3 Be6 13. b5 Rd8 14. a4 h5 15. bxc6 Nxc6 16. cxd5 Nxd5 17. Nxd5 Bxd5 18. Bc4 Na5 19. Qa3 Qxa3 20. Bxa3 Nxc4 21. Nxc4 Bc6 1/2-1/2